| 000 | 00849nam a22002177a 4500 | ||
|---|---|---|---|
| 008 | 090915t xxu||||| |||| 00| 0 eng d | ||
| 010 | _aB-353878 | ||
| 020 |
_a0072465638 _c550-00 |
||
| 035 | _aB-353878 | ||
| 037 |
_aUBH _bRP/CL/E;17/81/25-07-09/25-07-09/31-07-09 |
||
| 040 |
_adpl _beng |
||
| 082 | _a005.74 | ||
| 100 | _aRamakrishnan,Raghu | ||
| 245 |
_aData Base Management/ _cby Raghu ,Ramakrishnan,Jonannes Gehrke |
||
| 260 |
_aNew Delhi _bTata Mcgraw Hill _c2009 |
||
| 270 |
_a 7 West Patel Nagar _bNew Delhi _e110008 |
||
| 300 |
_a1065p _c26cm |
||
| 942 |
_2ddc _cEN _h005.74 _mRAG |
||
| 999 |
_c30411 _d30411 |
||